[Event "ODJM A 2024"]
[Site "Willingen GER"]
[Date "2024.05.19"]
[Round "1"]
[White "Kliashtornyi, Arkadii"]
[Black "Mörke, Niklas"]
[Result "1-0"]
[Termination "normal"]
[Board "32"]
[WhiteElo "1968"]
[BlackElo "1879"]
[WhiteClock "00:19:23"]
[BlackClock "00:24:55"]
[PlyCount "69"]
[WhiteFideId "34119698"]
[BlackFideId "12982350"]
[EventCountry "GER"]
[EventRounds "9"]
[EventType "swiss"]
[EventDate "2024.05.18"]

1. d4 {[%clk 01:30:57]} {[%emt 00:00:02]} d5 {[%clk 01:30:32]} {[%emt
00:00:28]} 2. Nf3 {[%clk 01:31:23]} {[%emt 00:00:05]} Bf5 {[%clk 01:30:17]}
{[%emt 00:00:44]} 3. g3 {[%clk 01:31:26]} {[%emt 00:00:27]} Nf6 {[%clk
01:28:45]} {[%emt 00:02:01]} 4. Bg2 {[%clk 01:31:03]} {[%emt 00:00:53]} e6
{[%clk 01:26:47]} {[%emt 00:02:28]} 5. c4 {[%clk 01:31:08]} {[%emt 00:00:25]}
c6 {[%clk 01:25:07]} {[%emt 00:02:10]} 6. Nc3 {[%clk 01:29:22]} {[%emt
00:02:17]} Bd6 {[%clk 01:21:34]} {[%emt 00:04:03]} 7. Qb3 {[%clk 01:27:26]}
{[%emt 00:02:25]} Qb6 {[%clk 01:19:05]} {[%emt 00:02:59]} 8. c5 {[%clk
01:26:08]} {[%emt 00:01:49]} Qxb3 {[%clk 01:18:38]} {[%emt 00:00:56]} 9. axb3
{[%clk 01:26:36]} {[%emt 00:00:02]} Bc7 {[%clk 01:18:12]} {[%emt 00:00:56]} 10.
b4 {[%clk 01:20:27]} {[%emt 00:06:40]} Nbd7 {[%clk 01:14:13]} {[%emt 00:04:28]}
11. b5 {[%clk 01:17:50]} {[%emt 00:03:07]} O-O {[%clk 01:13:04]} {[%emt
00:01:38]} 12. bxc6 {[%clk 01:10:30]} {[%emt 00:07:50]} bxc6 {[%clk 01:13:16]}
{[%emt 00:00:18]} 13. Ra6 {[%clk 01:09:33]} {[%emt 00:01:27]} Nb8 {[%clk
01:11:43]} {[%emt 00:02:03]} 14. Ra2 {[%clk 01:09:09]} {[%emt 00:00:55]} Nbd7
{[%clk 01:09:47]} {[%emt 00:02:25]} 15. Bf4 {[%clk 01:07:38]} {[%emt 00:02:01]}
Bxf4 {[%clk 01:05:50]} {[%emt 00:04:28]} 16. gxf4 {[%clk 01:08:06]} {[%emt
00:00:02]} Rab8 {[%clk 01:00:35]} {[%emt 00:05:45]} 17. Nh4 {[%clk 00:48:45]}
{[%emt 00:19:51]} Rb7 {[%clk 00:55:55]} {[%emt 00:05:09]} 18. Nxf5 {[%clk
00:45:27]} {[%emt 00:03:49]} exf5 {[%clk 00:56:06]} {[%emt 00:00:18]} 19. Kd2
{[%clk 00:39:58]} {[%emt 00:05:59]} Rfb8 {[%clk 00:54:07]} {[%emt 00:02:29]}
20. Kc2 {[%clk 00:39:00]} {[%emt 00:01:28]} Ne4 {[%clk 00:50:40]} {[%emt
00:03:57]} 21. Bxe4 {[%clk 00:36:40]} {[%emt 00:02:51]} fxe4 {[%clk 00:45:29]}
{[%emt 00:05:40]} 22. e3 {[%clk 00:35:29]} {[%emt 00:01:40]} f5 {[%clk
00:45:08]} {[%emt 00:00:52]} 23. Rha1 {[%clk 00:35:14]} {[%emt 00:00:46]} Ra8
{[%clk 00:39:33]} {[%emt 00:06:04]} 24. Ra4 {[%clk 00:30:02]} {[%emt 00:05:42]}
Nf6 {[%clk 00:36:55]} {[%emt 00:03:08]} 25. h3 {[%clk 00:29:51]} {[%emt
00:00:41]} Ne8 {[%clk 00:33:24]} {[%emt 00:04:01]} 26. Ra6 {[%clk 00:29:33]}
{[%emt 00:00:47]} Rc7 {[%clk 00:28:46]} {[%emt 00:05:09]} 27. b4 {[%clk
00:29:39]} {[%emt 00:00:24]} Rb8 {[%clk 00:28:33]} {[%emt 00:00:42]} 28. b5
{[%clk 00:24:51]} {[%emt 00:05:19]} Rcb7 {[%clk 00:27:27]} {[%emt 00:01:35]}
29. Rxa7 {[%clk 00:22:01]} {[%emt 00:03:21]} cxb5 {[%clk 00:26:10]} {[%emt
00:01:47]} 30. Nxd5 {[%clk 00:21:49]} {[%emt 00:00:42]} Kf8 {[%clk 00:25:39]}
{[%emt 00:01:01]} 31. Kb3 {[%clk 00:21:11]} {[%emt 00:01:09]} h6 {[%clk
00:24:44]} {[%emt 00:01:24]} 32. Kb4 {[%clk 00:19:46]} {[%emt 00:01:56]} g5
{[%clk 00:24:41]} {[%emt 00:00:33]} 33. Rxb7 {[%clk 00:19:09]} {[%emt
00:01:07]} Rxb7 {[%clk 00:25:01]} {[%emt 00:00:10]} 34. Ra8 {[%clk 00:19:06]}
{[%emt 00:00:32]} Kf7 {[%clk 00:24:55]} {[%emt 00:00:35]} 35. c6 {[%clk
00:19:23]} {[%emt 00:00:13]} 1-0

[Event "ODJM A 2024"]
[Site "Willingen GER"]
[Date "2024.05.19"]
[Round "1"]
[White "Limberg, Thomas"]
[Black "Harutyunyan, Hovhannes"]
[Result "1-0"]
[Termination "normal"]
[Board "33"]
[WhiteElo "1783"]
[BlackElo "1914"]
[WhiteClock "00:01:33"]
[BlackClock "00:11:29"]
[PlyCount "81"]
[WhiteFideId "16226755"]
[BlackFideId "16281942"]
[EventCountry "GER"]
[EventRounds "9"]
[EventType "swiss"]
[EventDate "2024.05.18"]

1. d4 {[%clk 01:30:58]} {[%emt 00:00:01]} d5 {[%clk 01:30:37]} {[%emt
00:00:23]} 2. c4 {[%clk 01:31:13]} {[%emt 00:00:15]} c6 {[%clk 01:31:03]}
{[%emt 00:00:04]} 3. Nf3 {[%clk 01:31:09]} {[%emt 00:00:33]} dxc4 {[%clk
01:29:53]} {[%emt 00:01:41]} 4. e3 {[%clk 01:26:44]} {[%emt 00:04:55]} b5
{[%clk 01:25:39]} {[%emt 00:04:45]} 5. a4 {[%clk 01:21:52]} {[%emt 00:05:22]}
e6 {[%clk 01:23:36]} {[%emt 00:02:33]} 6. Nc3 {[%clk 01:12:50]} {[%emt
00:09:32]} Bd7 {[%clk 01:15:38]} {[%emt 00:08:27]} 7. axb5 {[%clk 01:09:57]}
{[%emt 00:03:23]} cxb5 {[%clk 00:57:04]} {[%emt 00:19:05]} 8. Ne5 {[%clk
01:07:52]} {[%emt 00:02:34]} b4 {[%clk 00:52:29]} {[%emt 00:05:05]} 9. Qf3
{[%clk 01:04:03]} {[%emt 00:04:19]} f6 {[%clk 00:52:56]} {[%emt 00:00:03]} 10.
Qh5+ {[%clk 00:56:19]} {[%emt 00:08:14]} g6 {[%clk 00:53:20]} {[%emt 00:00:06]}
11. Nxg6 {[%clk 00:56:34]} {[%emt 00:00:15]} hxg6 {[%clk 00:53:44]} {[%emt
00:00:06]} 12. Qxh8 {[%clk 00:55:53]} {[%emt 00:01:10]} Kf7 {[%clk 00:53:56]}
{[%emt 00:00:17]} 13. Ne2 {[%clk 00:51:07]} {[%emt 00:05:16]} Qc7 {[%clk
00:52:10]} {[%emt 00:02:17]} 14. Qh7+ {[%clk 00:48:30]} {[%emt 00:03:06]} Bg7
{[%clk 00:52:05]} {[%emt 00:00:35]} 15. Nf4 {[%clk 00:48:50]} {[%emt 00:00:10]}
Ne7 {[%clk 00:51:48]} {[%emt 00:00:48]} 16. h4 {[%clk 00:34:38]} {[%emt
00:14:41]} Nbc6 {[%clk 00:50:59]} {[%emt 00:01:18]} 17. h5 {[%clk 00:34:56]}
{[%emt 00:00:13]} Rh8 {[%clk 00:48:07]} {[%emt 00:03:23]} 18. hxg6+ {[%clk
00:35:15]} {[%emt 00:00:10]} Kf8 {[%clk 00:48:30]} {[%emt 00:00:07]} 19. Qxh8+
{[%clk 00:35:28]} {[%emt 00:00:17]} Bxh8 {[%clk 00:48:56]} {[%emt 00:00:05]}
20. Rxh8+ {[%clk 00:35:51]} {[%emt 00:00:06]} Ng8 {[%clk 00:43:58]} {[%emt
00:05:28]} 21. Rh7 {[%clk 00:31:56]} {[%emt 00:04:24]} Nce7 {[%clk 00:39:50]}
{[%emt 00:04:38]} 22. Ra6 {[%clk 00:25:43]} {[%emt 00:06:43]} e5 {[%clk
00:21:32]} {[%emt 00:18:48]} 23. dxe5 {[%clk 00:23:51]} {[%emt 00:02:22]} fxe5
{[%clk 00:21:44]} {[%emt 00:00:19]} 24. Ne6+ {[%clk 00:22:36]} {[%emt
00:01:45]} Bxe6 {[%clk 00:22:09]} {[%emt 00:00:05]} 25. Rxe6 {[%clk 00:23:00]}
{[%emt 00:00:07]} Qc8 {[%clk 00:22:19]} {[%emt 00:00:20]} 26. Rf7+ {[%clk
00:22:19]} {[%emt 00:01:11]} Ke8 {[%clk 00:22:45]} {[%emt 00:00:04]} 27. Rxe5
{[%clk 00:22:11]} {[%emt 00:00:38]} a6 {[%clk 00:21:35]} {[%emt 00:01:40]} 28.
Re4 {[%clk 00:19:19]} {[%emt 00:03:22]} Qc6 {[%clk 00:21:49]} {[%emt 00:00:16]}
29. Rff4 {[%clk 00:17:41]} {[%emt 00:02:08]} c3 {[%clk 00:18:40]} {[%emt
00:03:39]} 30. g7 {[%clk 00:11:42]} {[%emt 00:06:29]} cxb2 {[%clk 00:18:04]}
{[%emt 00:01:06]} 31. Bxb2 {[%clk 00:11:47]} {[%emt 00:00:25]} Qg6 {[%clk
00:16:09]} {[%emt 00:02:24]} 32. Bc4 {[%clk 00:11:06]} {[%emt 00:01:11]} Kd7
{[%clk 00:14:57]} {[%emt 00:01:42]} 33. Bd3 {[%clk 00:08:06]} {[%emt 00:03:30]}
Qxg2 {[%clk 00:14:44]} {[%emt 00:00:43]} 34. Rxb4 {[%clk 00:07:48]} {[%emt
00:00:48]} Qh1+ {[%clk 00:13:25]} {[%emt 00:01:48]} 35. Kd2 {[%clk 00:07:40]}
{[%emt 00:00:38]} Qh6 {[%clk 00:12:19]} {[%emt 00:01:36]} 36. Rb7+ {[%clk
00:07:18]} {[%emt 00:00:52]} Kc6 {[%clk 00:12:06]} {[%emt 00:00:44]} 37. Be4+
{[%clk 00:07:29]} {[%emt 00:00:19]} Nd5 {[%clk 00:12:11]} {[%emt 00:00:25]} 38.
Bxd5+ {[%clk 00:06:12]} {[%emt 00:01:47]} Kxd5 {[%clk 00:12:27]} {[%emt
00:00:14]} 39. Rb8 {[%clk 00:04:52]} {[%emt 00:01:50]} Qe6 {[%clk 00:12:20]}
{[%emt 00:00:37]} 40. Rff8 {[%clk 00:04:13]} {[%emt 00:01:09]} Ke4 {[%clk
00:11:29]} {[%emt 00:01:22]} 41. f3+ {[%clk 00:01:33]} {[%emt 00:03:10]} 1-0

[Event "ODJM A 2024"]
[Site "Willingen GER"]
[Date "2024.05.19"]
[Round "1"]
[White "Zobel, Christian"]
[Black "Jansen, Malte"]
[Result "1-0"]
[Termination "normal"]
[Board "34"]
[WhiteElo "2013"]
[BlackElo "1835"]
[WhiteClock "00:08:28"]
[BlackClock "00:11:17"]
[PlyCount "63"]
[WhiteFideId "16259068"]
[BlackFideId "16295137"]
[EventCountry "GER"]
[EventRounds "9"]
[EventType "swiss"]
[EventDate "2024.05.18"]

1. d4 {[%clk 01:30:48]} {[%emt 00:00:11]} d5 {[%clk 01:30:46]} {[%emt
00:00:14]} 2. c4 {[%clk 01:31:09]} {[%emt 00:00:10]} e6 {[%clk 01:30:56]}
{[%emt 00:00:20]} 3. cxd5 {[%clk 01:30:40]} {[%emt 00:00:59]} exd5 {[%clk
01:31:06]} {[%emt 00:00:20]} 4. Nc3 {[%clk 01:31:01]} {[%emt 00:00:09]} Nf6
{[%clk 01:30:55]} {[%emt 00:00:41]} 5. Bg5 {[%clk 01:31:22]} {[%emt 00:00:09]}
Be7 {[%clk 01:30:26]} {[%emt 00:01:00]} 6. e3 {[%clk 01:31:43]} {[%emt
00:00:09]} c6 {[%clk 01:29:53]} {[%emt 00:01:03]} 7. Bd3 {[%clk 01:31:36]}
{[%emt 00:00:36]} O-O {[%clk 01:28:48]} {[%emt 00:01:36]} 8. Qc2 {[%clk
01:31:30]} {[%emt 00:00:37]} h6 {[%clk 01:27:52]} {[%emt 00:01:24]} 9. Bf4
{[%clk 01:31:12]} {[%emt 00:00:48]} Nbd7 {[%clk 01:25:43]} {[%emt 00:02:39]}
10. h3 {[%clk 01:28:06]} {[%emt 00:03:37]} Re8 {[%clk 01:21:59]} {[%emt
00:04:14]} 11. Nge2 {[%clk 01:25:54]} {[%emt 00:02:42]} Nf8 {[%clk 01:16:49]}
{[%emt 00:05:39]} 12. Rg1 {[%clk 01:19:51]} {[%emt 00:06:33]} Bd6 {[%clk
01:07:37]} {[%emt 00:09:42]} 13. O-O-O {[%clk 01:15:01]} {[%emt 00:05:21]} Bxf4
{[%clk 00:59:33]} {[%emt 00:08:33]} 14. Nxf4 {[%clk 01:13:10]} {[%emt
00:02:21]} Ne6 {[%clk 00:59:42]} {[%emt 00:00:22]} 15. Nxe6 {[%clk 01:12:00]}
{[%emt 00:01:40]} Bxe6 {[%clk 00:59:49]} {[%emt 00:00:23]} 16. g4 {[%clk
00:57:39]} {[%emt 00:14:51]} c5 {[%clk 00:47:17]} {[%emt 00:13:02]} 17. dxc5
{[%clk 00:49:57]} {[%emt 00:08:12]} b6 {[%clk 00:46:57]} {[%emt 00:00:49]} 18.
c6 {[%clk 00:45:26]} {[%emt 00:05:02]} Re7 {[%clk 00:43:27]} {[%emt 00:04:01]}
19. Kb1 {[%clk 00:39:51]} {[%emt 00:06:05]} Qc8 {[%clk 00:39:44]} {[%emt
00:04:13]} 20. Nb5 {[%clk 00:36:43]} {[%emt 00:03:38]} a6 {[%clk 00:31:32]}
{[%emt 00:08:42]} 21. Nd4 {[%clk 00:36:52]} {[%emt 00:00:21]} Raa7 {[%clk
00:30:25]} {[%emt 00:01:36]} 22. f4 {[%clk 00:31:19]} {[%emt 00:06:03]} Qb8
{[%clk 00:28:46]} {[%emt 00:02:09]} 23. g5 {[%clk 00:26:38]} {[%emt 00:05:11]}
hxg5 {[%clk 00:27:45]} {[%emt 00:01:31]} 24. fxg5 {[%clk 00:21:28]} {[%emt
00:05:41]} Ne4 {[%clk 00:26:21]} {[%emt 00:01:52]} 25. Bxe4 {[%clk 00:21:15]}
{[%emt 00:00:44]} dxe4 {[%clk 00:26:37]} {[%emt 00:00:13]} 26. Nxe6 {[%clk
00:16:02]} {[%emt 00:05:44]} Rxe6 {[%clk 00:26:49]} {[%emt 00:00:18]} 27. Rd7
{[%clk 00:16:04]} {[%emt 00:00:28]} Rc7 {[%clk 00:25:41]} {[%emt 00:01:38]} 28.
Rgd1 {[%clk 00:15:40]} {[%emt 00:00:55]} Kh7 {[%clk 00:15:12]} {[%emt
00:10:58]} 29. Rd8 {[%clk 00:13:31]} {[%emt 00:02:39]} Qa7 {[%clk 00:14:56]}
{[%emt 00:00:46]} 30. Qe2 {[%clk 00:13:18]} {[%emt 00:00:43]} Kg6 {[%clk
00:12:51]} {[%emt 00:02:36]} 31. Qg4 {[%clk 00:08:37]} {[%emt 00:05:10]} Rexc6
{[%clk 00:11:17]} {[%emt 00:02:04]} 32. Qxe4+ {[%clk 00:08:28]} {[%emt
00:00:38]} 1-0